Las necesidades de la educación primaria y la lucha contra el analfabetismo.
Uloženo v:
| Korporativní autor: | |
|---|---|
| Médium: | Kniha |
| Jazyk: | španělština |
| Vydáno: |
Santiago, Chile:
Dirección General de Educación Primaria,
1953.
|
| Témata: | |
| Tagy: |
Přidat tag
Žádné tagy, Buďte první, kdo vytvoří štítek k tomuto záznamu!
|
MARC
| LEADER | 00000nam a2200000 a 4500 | ||
|---|---|---|---|
| 001 | UCZ5940 | ||
| 003 | CL-VaPUC | ||
| 005 | 20231123085448.0 | ||
| 008 | 951130e19530000CL |||||||||||||||||spa|d | ||
| 999 | |c 242213 |d 242211 | ||
| 040 | |c Pontificia Universidad Católica de Valparaíso | ||
| 082 | 0 | 4 | |a 379.24 MIN 1953 |2 21 |
| 110 | 2 | |a Ministerio de Educación. Dirección General de Educación Primaria y Normal |e autor |9 350145 | |
| 245 | 1 | 4 | |a Las necesidades de la educación primaria y la lucha contra el analfabetismo. |
| 260 | |a Santiago, Chile: |b Dirección General de Educación Primaria, |c 1953. | ||
| 300 | |a 24 páginas. | ||
| 500 | |a c. BUD Donación Fernando Vergara Bib. Budge. | ||
| 583 | |a last modification |c 20170726 04:54:06 |k Rodrigo Vera | ||
| 650 | 0 | |a Alfabetización |9 310435 | |
| 650 | 0 | |a Educación básica |9 224933 | |
| 650 | 0 | |a Analfabetismo |9 324360 | |
| 650 | 0 | |a Escuelas |9 308582 | |
| 651 | 7 | |a CHILE |2 CL-VaPUC |9 350146 | |
| 942 | |c BK |2 ddc | ||
| 945 | |d 19951130 00:00:00 |a rleighto | ||
| 952 | |0 0 |1 0 |4 0 |6 379_240000000000000_MIN_1953 |7 0 |8 P |9 255004 |a BIBEDU |b BIBEDU |c BIBEDU_PB |d 2019-11-19 |i 3153495 |o 379.24 MIN 1953 |p 3153495 |r 2024-01-25 |w 2019-11-19 |y BK |k EDU | ||
| 952 | |0 0 |1 0 |2 ddc |4 0 |6 379_240000000000000_MIN_1953 |7 0 |8 X |9 588158 |a FDOBUD |b FDOBUD |c REST |d 2022-12-07 |e Donación |i 5655987 |o 379.24 MIN 1953 |p 5655987 |r 2022-12-07 |w 2022-12-07 |y BK_X |k BUD | ||